Espaą, en hora europea libro blanco de la Comisin̤ Nacional para la racionalizacin̤ de los horarios espaǫles y su normalizacin̤ con los de los dems̀ pas̕es de la Unin̤ Europea

Bibliographic Details
Corporate Authors: Fundacin̤ Independiente (Madrid), Espaą. Ministerio para las Administraciones Pb︢licas
Format: Book
Language:Spanish
Published: Madrid : Fundacin̤ Independiente : Ministerio de Administraciones Pb︢licas, cop. 2005
Subjects:
Online Access:Acceso restringido

MARC

LEADER 00000nam a2200000 a 4500
005 2012032304184.0
007 cr|||| ||||
008 060313s2005 sp a || o000 ||spa|c
017 |a DL M. 43791-2005 
020 |a 8473512448 
035 |a 6072 
040 |d vLex 
090 |c 3075  |d 3075 
245 0 0 |a Espaą, en hora europea   |h [Recurso electrn̤ico] :  |b libro blanco de la Comisin̤ Nacional para la racionalizacin̤ de los horarios espaǫles y su normalizacin̤ con los de los dems̀ pas̕es de la Unin̤ Europea 
256 |a Servicio en ln̕ea 
260 |a Madrid :  |b Fundacin̤ Independiente :  |b Ministerio de Administraciones Pb︢licas,  |c cop. 2005 
300 |a 1 recurso electrn̤ico 
506 1 |a Contenido solo disponible en los productos indicados  |d vLex Global   |d vLex Global (Academic Edition, excluding Law Schools)   |d vLex Global (U.S. Academic Edition, Law Schools)   |d vLex Global (U.S. Academic Edition, excluding Law Schools)   |d vLex Global (Academic Edition, Law Schools)  
650 0 4 |a Jornada de trabajo  |z Espaą 
650 0 4 |a Trabajo y familia  |z Espaą 
650 0 4 |a Jornada de trabajo  |z Unin̤ Europea, Pas̕es de la 
650 0 4 |a Trabajo y faml̕ia  |z Unin̤ Europea, Pas̕es de la 
651 4 |a Unin̤ Europea, Pas̕es de la  |x Polt̕ica familiar 
710 2 |a Fundacin̤ Independiente (Madrid) 
710 2 |a Espaą.  |b Ministerio para las Administraciones Pb︢licas  
740 0 |a vLex Libros (Servicio en ln̕ea) 
856 4 0 |u http://vlex.com/source/libro-blanco-comision-nacional-racionalizacion-horarios-espa-oles-6072  |z Acceso restringido 
942 |c BOOK 
999 0 |a Hours of labor 
999 0 |a Labor laws and legislation